000
00275pam a2200121 a 4500
020
_c
041
_h
082
_a
708
_b
CHA
245
_a
Jayashree Chakravarty
_h
Textual Documents
260
_a
[s.l]:
_b
Vadhera Art Gallery , Delhi
300
_a
38:
_b
paper.
930
_a
7000
999
_c
240790
_d
240790